00271nam a2200109Ia 4500003000400000008004100004100001700045245003400062260003900096300000800135650001800143OSt191201s2013 xx 000 0 und d aQUINN, Jason 0aGandhi My Life is My Message  bKALYANI NAVYUG MEDIA PVT LTDc2013 a205 aGeneral Books